[Event "DVM U16 2017"]
[Site "Walldorf GER"]
[Date "2017.12.29"]
[Round "5"]
[White "Jakob, Georg"]
[Black "Yaroshenko, Yaroslav"]
[Result "0-1"]
[Termination "normal"]
[Board "10.1"]
[WhiteElo "1959"]
[BlackElo "1655"]
[WhiteTeam "SG Königskinder Hohentübingen"]
[BlackTeam "SK Gräfelfing"]
[PlyCount "132"]
[WhiteFideId "16224221"]
[BlackFideId "16204905"]
[EventCountry "GER"]
[EventRounds "7"]
[EventType "team-swiss"]
[EventDate "2017.12.26"]

1. e4 g6 2. d4 Bg7 3. Nc3 d6 4. f4 Nd7 5. Nf3 e6 6. Be3 Ne7 7. Bd3 O-O 8. Qd2
a6 9. h4 c5 10. h5 cxd4 11. Bxd4 e5 12. Be3 Nf6 13. hxg6 Nxg6 14. f5 Nf4 15.
Bxf4 exf4 16. Qxf4 Re8 17. O-O-O Qb6 18. Qh4 h6 19. Qf4 Nh7 20. f6 Nxf6 21. Bc4
d5 22. e5 dxc4 23. Rd6 Qc7 24. exf6 Re6 25. Ne4 Rxe4 26. Qxe4 Qxd6 27. Qe8+ Bf8
28. Rd1 Qxf6 29. Rd8 Qg7 30. Nd2 Bd7 31. Qxd7 Rxd8 32. Qxd8 Qxg2 33. c3 Qg1+
34. Kc2 Qc5 35. Qd7 b5 36. Qg4+ Qg5 37. Qf3 Qg6+ 38. Kd1 Bg7 39. a4 Qg1+ 40.
Kc2 Qb6 41. Qg4 Qg6+ 42. Qe4 Qxe4+ 43. Nxe4 Kh7 44. axb5 axb5 45. Nd6 Bf8 46.
Nxb5 h5 47. Kd2 Bc5 48. Ke2 Kg6 49. Kf3 Kf5 50. Nc7 Ke5 51. Ne8 Bf8 52. Nc7 f5
53. Na8 Bc5 54. Nc7 h4 55. Ne8 Bf8 56. Nc7 Bd6 57. Ne8 Bc5 58. Ng7 Bf8 59. Nh5
Bh6 60. Kg2 Bc1 61. Kh3 Bxb2 62. Kxh4 Bxc3 63. Kg3 Bb2 64. Kf3 c3 65. Nf4 c2
66. Nd3+ Kf6 0-1

[Event "DVM U16 2017"]
[Site "Walldorf GER"]
[Date "2017.12.29"]
[Round "5"]
[White "Khamenya, Vitalia"]
[Black "Hofele, Mathis"]
[Result "1-0"]
[Termination "normal"]
[Board "10.2"]
[WhiteElo "1881"]
[BlackElo "1685"]
[WhiteTeam "SK Gräfelfing"]
[BlackTeam "SG Königskinder Hohentübingen"]
[PlyCount "101"]
[WhiteFideId "12959260"]
[BlackFideId "12963844"]
[EventCountry "GER"]
[EventRounds "7"]
[EventType "team-swiss"]
[EventDate "2017.12.26"]

1. d4 Nf6 2. Nf3 e6 3. e3 c5 4. c3 b6 5. Bd3 Bb7 6. O-O Qc7 7. Nbd2 Nc6 8. Re1
Rc8 9. Qe2 Be7 10. Nf1 O-O 11. Ng3 Nd5 12. Bd2 cxd4 13. exd4 Nf4 14. Bxf4 Qxf4
15. Qe4 Qxe4 16. Nxe4 Na5 17. Rac1 Rfd8 18. Ned2 Rc7 19. Re2 Rdc8 20. h3 Nc6
21. Kh1 Nb4 22. Bb1 Ba6 23. Re3 Nd5 24. Ree1 Nf4 25. Re3 f6 26. Ne4 Bb7 27. Ng3
Bf8 28. Rce1 b5 29. Ne2 Nd5 30. Rd3 b4 31. Rc1 Ba6 32. Rd2 bxc3 33. bxc3 Nxc3
34. Nxc3 Rxc3 35. Rxc3 Rxc3 36. Rc2 Rxc2 37. Bxc2 Bd6 38. Nd2 f5 39. Bb3 Kf7
40. Nc4 Ke7 41. Nxd6 Kxd6 42. Kh2 Bb7 43. a4 a5 44. Kg3 g5 45. f3 Bd5 46. Bc2
Bc4 47. Kf2 Kd5 48. g4 fxg4 49. hxg4 h6 50. Ke3 d6 51. Be4# 1-0

[Event "DVM U16 2017"]
[Site "Walldorf GER"]
[Date "2017.12.29"]
[Round "5"]
[White "Hurm, Moritz"]
[Black "Zieringer, Sebastian"]
[Result "1-0"]
[Termination "normal"]
[Board "10.3"]
[WhiteElo "1690"]
[BlackElo "1796"]
[WhiteTeam "SG Königskinder Hohentübingen"]
[BlackTeam "SK Gräfelfing"]
[PlyCount "65"]
[WhiteFideId "16235150"]
[BlackFideId "16222008"]
[EventCountry "GER"]
[EventRounds "7"]
[EventType "team-swiss"]
[EventDate "2017.12.26"]

1. e4 e5 2. Nf3 Nc6 3. Bb5 a6 4. Ba4 Nf6 5. d3 b5 6. Bb3 Bd6 7. c3 O-O 8. O-O
h6 9. Nbd2 Re8 10. a4 Bb7 11. Re1 Bc5 12. Nf1 d5 13. exd5 Nxd5 14. d4 bxa4 15.
Bxd5 Qxd5 16. dxc5 Qxc5 17. Qxa4 Qd6 18. Be3 Qg6 19. Ng3 Rab8 20. Nh4 Qh7 21.
Rad1 Red8 22. Qc4 g6 23. Ne4 Kg7 24. Nc5 Ba8 25. Nxa6 Rbc8 26. Rxd8 Rxd8 27.
Nxc7 Bb7 28. Qg4 Bc8 29. Qe4 Bd7 30. b4 f5 31. Qd5 e4 32. b5 Ne7 33. Bd4+ 1-0

[Event "DVM U16 2017"]
[Site "Walldorf GER"]
[Date "2017.12.29"]
[Round "5"]
[White "Stepanov, Maximilian"]
[Black "Aptyka, Tim"]
[Result "0-1"]
[Termination "normal"]
[Board "10.4"]
[WhiteElo "1303"]
[BlackElo "1530"]
[WhiteTeam "SK Gräfelfing"]
[BlackTeam "SG Königskinder Hohentübingen"]
[PlyCount "157"]
[WhiteFideId "16244680"]
[BlackFideId "16255860"]
[EventCountry "GER"]
[EventRounds "7"]
[EventType "team-swiss"]
[EventDate "2017.12.26"]

1. d4 Nf6 2. c4 e6 3. Nc3 Bb4 4. Nf3 c5 5. dxc5 Bxc5 6. Bg5 h6 7. Bh4 b6 8. e3
Bb7 9. Be2 O-O 10. O-O g5 11. Bg3 Nc6 12. h3 Ne7 13. Be5 Nh5 14. Nxg5 f6 15.
Bxh5 fxg5 16. Bd6 Bxd6 17. Qxd6 Nf5 18. Qd2 Nh4 19. f3 Qc7 20. Rf2 Rf6 21. Raf1
Nf5 22. Ne2 Ng7 23. Bg4 h5 24. Bxh5 Nxh5 25. b3 Rh6 26. Rd1 Rd8 27. e4 Rg6 28.
Nc3 a6 29. Qc2 Rf8 30. Rfd2 Rg7 31. Rd6 Nf6 32. Qd2 Bd5 33. e5 Ne8 34. cxd5
Nxd6 35. exd6 Qxd6 36. dxe6 Qxd2 37. Rxd2 dxe6 38. Rd6 Rc8 39. Ne4 Rb8 40. Rxe6
Kf7 41. Rc6 Rgg8 42. a4 Rg6 43. Rc7+ Ke6 44. Kf2 Ke5 45. Ke3 b5 46. Rc5+ Ke6
47. Nxg5+ Kd6 48. Ne4+ Ke7 49. Kf2 bxa4 50. bxa4 Rb2+ 51. Ke3 Rbxg2 52. Ra5 Re6
53. Rh5 Ra2 54. a5 Kf8 55. Kf4 Ra3 56. h4 Kg7 57. Rd5 Rb3 58. Rd7+ Kg6 59. Rd5
Rb5 60. Rg5+ Kh6 61. Nc3 Rf6+ 62. Kg4 Rb4+ 63. Ne4 Rg6 64. Kg3 Rb5 65. Kf4
Rgxg5 66. hxg5+ Kg6 67. Nd6 Rxg5 68. Nb7 Rb5 69. Nd6 Rxa5 70. Ke4 Rc5 71. Kd4
Rc1 72. Nc4 Kg5 73. Kc5 Kf4 74. Kb4 Kxf3 75. Na5 Ke4 76. Nb3 Rb1 77. Ka4 Kd3
78. Nc5+ Kc4 79. Nxa6 0-1

[Event "DVM U16 2017"]
[Site "Walldorf GER"]
[Date "2017.12.29"]
[Round "6"]
[White "Roseneck, Jonas"]
[Black "Silber, Kevin"]
[Result "0-1"]
[Termination "normal"]
[Board "1.1"]
[WhiteElo "2287"]
[BlackElo "2038"]
[WhiteClock "00:00:49"]
[BlackClock "00:26:01"]
[WhiteTeam "SG Aufbau Elbe Magdeburg"]
[BlackTeam "Delmenhorster SK"]
[PlyCount "78"]
[WhiteFideId "12939870"]
[BlackFideId "12930440"]
[EventCountry "GER"]
[EventRounds "7"]
[EventType "team-swiss"]
[EventDate "2017.12.26"]

1. e4 e5 2. Nf3 Nc6 3. Bb5 f5 4. Nc3 fxe4 5. Nxe4 Nf6 6. Nxf6+ Qxf6 7. Qe2 Be7
8. Bxc6 bxc6 9. Nxe5 Qe6 10. d4 Bf6 11. Nf3 Qxe2+ 12. Kxe2 c5 13. Bg5 Bxg5 14.
Nxg5 cxd4 15. Kd3 O-O 16. f3 c5 17. Rhe1 Ba6+ 18. Kd2 Rf5 19. Ne4 Rd5 20. c4
dxc3+ 21. Kxc3 Rh5 22. g4 Rh3 23. Ng5 Rxh2 24. Rad1 h6 25. Ne4 Rf8 26. Nxc5
Rxf3+ 27. Kd4 Bb5 28. a4 Bc6 29. Nd3 Bxa4 30. Ra1 Bb5 31. Ne5 Rf4+ 32. Ke3 Rb4
33. Rxa7 Rh3+ 34. Kd2 Rxb2+ 35. Kc1 Rg2 36. Ra8+ Kh7 37. Nf7 Rc3+ 38. Kb1 Rf2
39. Ne5 d6 0-1

[Event "DVM U16 2017"]
[Site "Walldorf GER"]
[Date "2017.12.29"]
[Round "6"]
[White "Steffens, Oliver"]
[Black "Biastoch, Bennet"]
[Result "1/2-1/2"]
[Termination "normal"]
[Board "1.2"]
[WhiteElo "2064"]
[BlackElo "2234"]
[WhiteClock "00:01:57"]
[BlackClock "00:01:01"]
[WhiteTeam "Delmenhorster SK"]
[BlackTeam "SG Aufbau Elbe Magdeburg"]
[PlyCount "63"]
[WhiteFideId "12947148"]
[BlackFideId "12939889"]
[EventCountry "GER"]
[EventRounds "7"]
[EventType "team-swiss"]
[EventDate "2017.12.26"]

1. e4 c5 2. Nf3 d6 3. Bb5+ Nc6 4. O-O Bd7 5. Re1 Nf6 6. h3 a6 7. Bf1 g6 8. c3
Bg7 9. a4 O-O 10. Na3 d5 11. exd5 Nxd5 12. d4 cxd4 13. cxd4 Rc8 14. Qb3 Ncb4
15. Bd2 a5 16. Rac1 Bc6 17. Ne5 e6 18. Nb5 Bxb5 19. Bxb5 Qe7 20. Rc4 Rxc4 21.
Qxc4 b6 22. Rc1 Qd6 23. Ng4 h5 24. Ne3 Rd8 25. g3 Nxe3 26. Bxe3 Nd5 27. Kg2
Nxe3+ 28. fxe3 e5 29. Rf1 Qd5+ 30. Qxd5 Rxd5 31. Rxf7 Kxf7 32. Bc4 1/2-1/2

[Event "DVM U16 2017"]
[Site "Walldorf GER"]
[Date "2017.12.29"]
[Round "6"]
[White "Sinnhöfer, Jonas"]
[Black "Hoffmann, Lennard"]
[Result "1/2-1/2"]
[Termination "normal"]
[Board "1.4"]
[WhiteElo "1853"]
[BlackElo "2041"]
[WhiteClock "01:18:30"]
[BlackClock "00:46:55"]
[WhiteTeam "Delmenhorster SK"]
[BlackTeam "SG Aufbau Elbe Magdeburg"]
[PlyCount "62"]
[WhiteFideId "12982938"]
[BlackFideId "12943495"]
[EventCountry "GER"]
[EventRounds "7"]
[EventType "team-swiss"]
[EventDate "2017.12.26"]

1. e4 c5 2. Nf3 d6 3. Bb5+ Bd7 4. Bxd7+ Qxd7 5. c4 Nc6 6. Nc3 g6 7. d4 cxd4 8.
Nxd4 Bg7 9. Be3 Nf6 10. f3 O-O 11. O-O a6 12. Qd2 Nxd4 13. Bxd4 Rfc8 14. b3 b5
15. Nd5 Nxd5 16. Bxg7 Kxg7 17. cxd5 Rc5 18. Rfc1 Qa7 19. Qd4+ f6 20. Rxc5 Qxc5
21. Qxc5 dxc5 22. Rc1 Rc8 23. Kf2 Kf7 24. Ke3 Ke8 25. a4 b4 26. Kd3 Kd7 27. Kc4
Kd6 28. Re1 Ke5 29. Rd1 g5 30. Rd2 h5 31. g3 Rc7 1/2-1/2

[Event "DVM U16 2017"]
[Site "Walldorf GER"]
[Date "2017.12.29"]
[Round "6"]
[White "Browning, Alex"]
[Black "Engel, Luis"]
[Result "0-1"]
[Termination "normal"]
[Board "2.1"]
[WhiteElo "2164"]
[BlackElo "2362"]
[WhiteClock "00:08:41"]
[BlackClock "00:44:24"]
[WhiteTeam "MS Halver-Schalksmühle"]
[BlackTeam "Hamburger SK"]
[PlyCount "62"]
[WhiteFideId "12984019"]
[BlackFideId "12961523"]
[EventCountry "GER"]
[EventRounds "7"]
[EventType "team-swiss"]
[EventDate "2017.12.26"]

1. e4 c5 2. Nf3 d6 3. d4 cxd4 4. Nxd4 Nf6 5. Nc3 a6 6. h3 e5 7. Nde2 h5 8. g3
Be6 9. Bg2 b5 10. O-O Nbd7 11. Be3 Be7 12. f4 Rc8 13. a4 b4 14. Nd5 Nxd5 15.
exd5 Bf5 16. c3 bxc3 17. Nxc3 exf4 18. Bd4 O-O 19. Rxf4 Bg6 20. Be4 Bg5 21. Rf2
Rxc3 22. Bxg6 Rxg3+ 23. Kh2 Be3 24. Rxf7 Bxd4 25. Rxf8+ Nxf8 26. Bf7+ Kxf7 27.
Kxg3 Qg5+ 28. Kh2 Qe5+ 29. Kg2 Ng6 30. Qf3+ Kg8 31. Kh1 Nh4 0-1

[Event "DVM U16 2017"]
[Site "Walldorf GER"]
[Date "2017.12.29"]
[Round "6"]
[White "Holinka, Henning"]
[Black "Browning, Rebecca"]
[Result "1-0"]
[Termination "normal"]
[Board "2.2"]
[WhiteElo "2069"]
[BlackElo "1874"]
[WhiteClock "00:18:23"]
[BlackClock "00:10:25"]
[WhiteTeam "Hamburger SK"]
[BlackTeam "MS Halver-Schalksmühle"]
[PlyCount "111"]
[WhiteFideId "12967084"]
[BlackFideId "12984027"]
[EventCountry "GER"]
[EventRounds "7"]
[EventType "team-swiss"]
[EventDate "2017.12.26"]

1. e4 e6 2. d4 d5 3. Nc3 Bb4 4. e5 Ne7 5. a3 Bxc3+ 6. bxc3 c5 7. Qg4 Nf5 8. Bd3
h5 9. Qf4 cxd4 10. cxd4 g5 11. Qxg5 Qxg5 12. Bxg5 Nxd4 13. Ne2 Nxe2 14. Bxe2
Nd7 15. h4 b6 16. f4 f6 17. exf6 Kf7 18. Rh3 Nxf6 19. Rc3 Ne8 20. a4 Bd7 21.
Kd2 Nd6 22. Rc7 Ke8 23. Kd3 Ne4 24. Kd4 Nxg5 25. fxg5 Kd8 26. Rc3 Ke7 27. Ke5
Raf8 28. Rf1 Rxf1 29. Bxf1 Rf8 30. Bd3 Rf2 31. Rc7 a6 32. g6 Rxg2 33. Bxa6 Rg4
34. Bd3 Rxh4 35. g7 Rg4 36. Rxd7+ Kxd7 37. Kf6 Rxg7 38. Kxg7 h4 39. Bf1 Kd6 40.
Kf6 e5 41. Kg5 Kc5 42. Kxh4 Kb4 43. Bb5 e4 44. Kg4 Kc3 45. Bc6 e3 46. Kf3 d4
47. Be4 Kb4 48. Bd3 Kxa4 49. Ke4 Kb4 50. Kxd4 b5 51. Be2 Ka4 52. Kxe3 b4 53.
Bc4 Ka5 54. Kd4 Ka4 55. Kc5 Ka5 56. Bb3 1-0

[Event "DVM U16 2017"]
[Site "Walldorf GER"]
[Date "2017.12.29"]
[Round "6"]
[White "Kölz, Niklas"]
[Black "Engel, Robert"]
[Result "0-1"]
[Termination "normal"]
[Board "2.3"]
[WhiteElo "1712"]
[BlackElo "1942"]
[WhiteClock "00:07:41"]
[BlackClock "00:08:31"]
[WhiteTeam "MS Halver-Schalksmühle"]
[BlackTeam "Hamburger SK"]
[PlyCount "72"]
[WhiteFideId "12971758"]
[BlackFideId "12974684"]
[EventCountry "GER"]
[EventRounds "7"]
[EventType "team-swiss"]
[EventDate "2017.12.26"]

1. c4 e5 2. g3 Nf6 3. Bg2 c6 4. e4 d5 5. exd5 cxd5 6. cxd5 Bc5 7. Nc3 O-O 8.
Nge2 Nbd7 9. O-O Bd4 10. Nxd4 exd4 11. Ne2 Ne5 12. Qb3 d3 13. Nd4 Re8 14. f4
Ng6 15. Qc4 h5 16. b3 Qa5 17. b4 Qb6 18. Kh1 h4 19. Bb2 Nh5 20. Qxd3 hxg3 21.
hxg3 Qxb4 22. Bc3 Qe7 23. Qf3 Nf6 24. d3 Bg4 25. Qf2 Qe3 26. f5 Qh6+ 27. Kg1
Ne5 28. Be4 Rad8 29. Nb5 Nxe4 30. dxe4 Nf3+ 31. Qxf3 Bxf3 32. Rxf3 Qb6+ 33. Nd4
Rxe4 34. Rd1 Rxd5 35. Rfd3 Rxf5 36. Kg2 Re2+ 0-1

[Event "DVM U16 2017"]
[Site "Walldorf GER"]
[Date "2017.12.29"]
[Round "6"]
[White "Foo, Tzun Hong"]
[Black "Scholz, Sebastian"]
[Result "0-1"]
[Termination "normal"]
[Board "2.4"]
[WhiteElo "1929"]
[BlackElo "1729"]
[WhiteClock "00:00:33"]
[BlackClock "00:02:02"]
[WhiteTeam "Hamburger SK"]
[BlackTeam "MS Halver-Schalksmühle"]
[PlyCount "70"]
[WhiteFideId "12974200"]
[BlackFideId "16202597"]
[EventCountry "GER"]
[EventRounds "7"]
[EventType "team-swiss"]
[EventDate "2017.12.26"]

1. e4 e6 2. c4 d5 3. exd5 exd5 4. d4 Nf6 5. Nc3 Be6 6. Nf3 dxc4 7. Ne5 Nbd7 8.
Nxc4 c6 9. Be2 Be7 10. O-O O-O 11. Bf4 Nb6 12. Ne5 Nbd5 13. Bg5 Nd7 14. Bxe7
Qxe7 15. f4 f6 16. Nxd5 Bxd5 17. Nxd7 Qxd7 18. Bd3 Rae8 19. Qc2 g6 20. Qf2 f5
21. b3 Re6 22. Rfe1 Rfe8 23. Re5 c5 24. Rae1 cxd4 25. Qxd4 Rxe5 26. fxe5 Be6
27. Qc3 Rc8 28. Bc4 Bxc4 29. bxc4 Qe6 30. c5 b6 31. Qa3 Rxc5 32. Qxa7 Rc2 33.
a4 Qd5 34. Qb8+ Kg7 35. Qa7+ Kh6 0-1

[Event "DVM U16 2017"]
[Site "Walldorf GER"]
[Date "2017.12.29"]
[Round "6"]
[White "Elier, Ali"]
[Black "Wendler, David"]
[Result "1/2-1/2"]
[Termination "normal"]
[Board "3.1"]
[WhiteElo "1910"]
[BlackElo "2123"]
[WhiteClock "00:49:30"]
[BlackClock "00:25:49"]
[WhiteTeam "SF Brackel"]
[BlackTeam "SK Bebenhausen"]
[PlyCount "47"]
[WhiteFideId "16217543"]
[BlackFideId "12938360"]
[EventCountry "GER"]
[EventRounds "7"]
[EventType "team-swiss"]
[EventDate "2017.12.26"]

1. e4 c5 2. d4 cxd4 3. c3 Nf6 4. e5 Nd5 5. Nf3 Nc6 6. Bc4 Nb6 7. Bb3 g6 8. O-O
Bg7 9. cxd4 O-O 10. Nc3 d6 11. Bf4 Bg4 12. Re1 Bxf3 13. Qxf3 Nxd4 14. Qxb7 a5
15. exd6 exd6 16. Rad1 a4 17. Bd5 Rb8 18. Qa7 a3 19. Qxa3 Nxd5 20. Nxd5 Rxb2
21. Ne7+ Kh8 22. Bh6 Re2 23. Bxg7+ Kxg7 24. Qc3 1/2-1/2

[Event "DVM U16 2017"]
[Site "Walldorf GER"]
[Date "2017.12.29"]
[Round "6"]
[White "Grimm, Ling Leander"]
[Black "Garbuz, Vitaliy"]
[Result "0-1"]
[Termination "normal"]
[Board "3.2"]
[WhiteElo "1830"]
[BlackElo "2022"]
[WhiteClock "00:03:01"]
[BlackClock "00:59:19"]
[WhiteTeam "SK Bebenhausen"]
[BlackTeam "SF Brackel"]
[PlyCount "114"]
[WhiteFideId "12968277"]
[BlackFideId "12990710"]
[EventCountry "GER"]
[EventRounds "7"]
[EventType "team-swiss"]
[EventDate "2017.12.26"]

1. e4 e5 2. f4 d5 3. exd5 exf4 4. Nf3 c6 5. d4 Bd6 6. Bd3 Ne7 7. dxc6 Nbxc6 8.
O-O O-O 9. c3 h6 10. Nbd2 Bg4 11. Nc4 Bc7 12. Qc2 Nd5 13. a4 Re8 14. Qf2 a6 15.
g3 g5 16. gxf4 Bxf4 17. Nfe5 Be6 18. Bxf4 Nxf4 19. Qg3 Nh3+ 20. Kg2 Qd5+ 21.
Rf3 Nf4+ 22. Kg1 Nxe5 23. Nxe5 Kh8 24. Kf2 Qb3 25. Re1 Qxb2+ 26. Be2 Qd2 27. h4
Bd5 28. hxg5 Bxf3 29. gxh6 Rg8 30. Nxf7+ Kh7 31. Qxf3 Rg2+ 32. Kf1 Rg1+ 33.
Kxg1 Qxe1+ 34. Bf1 Rg8+ 35. Kh2 Qh4+ 36. Bh3 Rg2+ 37. Qxg2 Nxg2 38. Kxg2 Qe4+
39. Kg3 Qg6+ 40. Kf4 Qxf7+ 41. Ke5 Qc7+ 42. Kd5 Qxc3 43. Bf5+ Kxh6 44. Ke4 Qc2+
45. Ke5 Qxa4 46. d5 Kg5 47. Be4 Qe8+ 48. Kd4 Kf4 49. Bd3 Qe5+ 50. Kc5 Qc3+ 51.
Kb6 Qxd3 52. Kxb7 Qxd5+ 53. Kxa6 Qb3 54. Ka5 Ke5 55. Ka6 Kd6 56. Ka7 Kc7 57.
Ka6 Qa4# 0-1

[Event "DVM U16 2017"]
[Site "Walldorf GER"]
[Date "2017.12.29"]
[Round "6"]
[White "Ortner, Jonas Ruben"]
[Black "Seref, Erdogan"]
[Result "0-1"]
[Termination "normal"]
[Board "3.4"]
[WhiteElo "1845"]
[BlackElo "1849"]
[WhiteClock "00:18:01"]
[BlackClock "00:31:12"]
[WhiteTeam "SK Bebenhausen"]
[BlackTeam "SF Brackel"]
[PlyCount "134"]
[WhiteFideId "16235118"]
[BlackFideId "16206827"]
[EventCountry "GER"]
[EventRounds "7"]
[EventType "team-swiss"]
[EventDate "2017.12.26"]

1. e4 e5 2. Nf3 Nc6 3. Bb5 a6 4. Ba4 Nf6 5. O-O b5 6. Bb3 Be7 7. Re1 O-O 8. a4
b4 9. a5 d6 10. d3 Be6 11. Bc4 Bxc4 12. dxc4 Re8 13. Bg5 h6 14. Bxf6 Bxf6 15.
Nbd2 Ne7 16. Nf1 Qd7 17. b3 Qg4 18. Ne3 Qe6 19. Nd5 Nxd5 20. cxd5 Qd7 21. Qd2
Rab8 22. Ra4 Qb5 23. Rd1 Qc5 24. Ne1 Bg5 25. Qe2 Rb5 26. Nd3 Qc3 27. g3 f5 28.
f3 fxe4 29. fxe4 Rf8 30. h4 Qd4+ 31. Kg2 Be3 32. Qg4 Qc3 33. Ra2 Rbb8 34. Kh3
Rf6 35. Qe2 Ba7 36. Qe1 Qxe1 37. Rxe1 Bd4 38. Nxb4 Rxb4 39. Rc1 Bc3 40. Rd1
Rxe4 41. Rd3 Bd4 42. c3 Ba7 43. Kg2 Rf8 44. Rb2 Rb8 45. Kf3 Ra4 46. b4 Rxa5 47.
Kg2 Ra1 48. c4 a5 49. Rdb3 axb4 50. Rxb4 Rxb4 51. Rxb4 Bb6 52. g4 Rg1+ 53. Kh2
Rxg4 54. h5 Rh4+ 55. Kg2 Rxh5 56. Rb2 g5 57. c5 Bxc5 58. Rb3 g4 59. Rg3 Rg5 60.
Kh1 h5 61. Kh2 h4 62. Rf3 gxf3 63. Kh1 h3 64. Kh2 f2 65. Kxh3 f1=Q+ 66. Kh4 Qg1
67. Kh3 Qh1# 0-1

[Event "DVM U16 2017"]
[Site "Walldorf GER"]
[Date "2017.12.29"]
[Round "6"]
[White "Vuckovic, Zarko"]
[Black "Koll, Lukas"]
[Result "1/2-1/2"]
[Termination "normal"]
[Board "4.1"]
[WhiteElo "2115"]
[BlackElo "1854"]
[WhiteClock "00:15:37"]
[BlackClock "00:08:10"]
[WhiteTeam "SF Augsburg"]
[BlackTeam "Karlsruher SF"]
[PlyCount "78"]
[WhiteFideId "12952087"]
[BlackFideId "12969737"]
[EventCountry "GER"]
[EventRounds "7"]
[EventType "team-swiss"]
[EventDate "2017.12.26"]

1. e4 c6 2. d4 d5 3. e5 Bf5 4. h4 h5 5. Ne2 e6 6. Ng3 Bg6 7. Be2 c5 8. c3 cxd4
9. cxd4 Bxb1 10. Rxb1 Bb4+ 11. Bd2 Bxd2+ 12. Qxd2 Nc6 13. Bb5 Nge7 14. O-O Qb6
15. Ba4 Ng6 16. Rfd1 Nxh4 17. Qg5 Ng6 18. Nxh5 Rh7 19. Bc2 Nce7 20. Nf4 O-O-O
21. Nxg6 Nxg6 22. Bxg6 fxg6 23. f3 Rdh8 24. Kf2 Rh4 25. Qd2 Kb8 26. Rbc1 a6 27.
Rc5 Rh1 28. Rxh1 Rxh1 29. b3 Qd8 30. Qf4 Qe7 31. Qg4 Rh4 32. Qxg6 Rxd4 33. Rc2
Rd1 34. Qh5 Qb4 35. Re2 Qe7 36. Qg4 d4 37. Re1 Rxe1 38. Kxe1 Qb4+ 39. Kd1 Qc3
1/2-1/2

[Event "DVM U16 2017"]
[Site "Walldorf GER"]
[Date "2017.12.29"]
[Round "6"]
[White "Koll, Linus"]
[Black "Vuckovic, Robert"]
[Result "0-1"]
[Termination "normal"]
[Board "4.2"]
[WhiteElo "1850"]
[BlackElo "1759"]
[WhiteClock "00:03:44"]
[BlackClock "00:29:34"]
[WhiteTeam "Karlsruher SF"]
[BlackTeam "SF Augsburg"]
[PlyCount "96"]
[WhiteFideId "12990299"]
[BlackFideId "12998680"]
[EventCountry "GER"]
[EventRounds "7"]
[EventType "team-swiss"]
[EventDate "2017.12.26"]

1. e4 c5 2. Nf3 Nc6 3. d4 cxd4 4. Nxd4 Qb6 5. Nxc6 bxc6 6. Nc3 e6 7. Bd3 Be7 8.
O-O Nf6 9. Kh1 d5 10. e5 Nd7 11. f4 Ba6 12. Qe2 Bxd3 13. Qxd3 Rc8 14. Qg3 g6
15. Qe1 c5 16. b3 c4 17. Na4 Qa6 18. Be3 Nb6 19. Nxb6 axb6 20. g4 Rg8 21. Qf2
Qb7 22. Bd4 Bc5 23. Rad1 Bxd4 24. Rxd4 b5 25. f5 gxf5 26. gxf5 Qe7 27. f6 Qa3
28. Rg1 Rxg1+ 29. Qxg1 Kd7 30. bxc4 Rxc4 31. Rxc4 bxc4 32. Qb6 Qf3+ 33. Kg1
Qd1+ 34. Kg2 Qxc2+ 35. Kg3 Qd3+ 36. Kg2 Qe4+ 37. Kf1 Qh1+ 38. Ke2 Qxh2+ 39. Kd1
Qh5+ 40. Kd2 Qg5+ 41. Kd1 Qg4+ 42. Kd2 Qf4+ 43. Kd1 Qf3+ 44. Kd2 c3+ 45. Kc1
Qf4+ 46. Kb1 Qe4+ 47. Kc1 Qe1+ 48. Kc2 Qd2+ 0-1

[Event "DVM U16 2017"]
[Site "Walldorf GER"]
[Date "2017.12.29"]
[Round "6"]
[White "Hamkar, Mehran"]
[Black "Fidlin, Simon"]
[Result "1-0"]
[Termination "normal"]
[Board "4.3"]
[WhiteElo "1681"]
[BlackElo "1825"]
[WhiteClock "00:20:47"]
[BlackClock "00:32:52"]
[WhiteTeam "SF Augsburg"]
[BlackTeam "Karlsruher SF"]
[PlyCount "103"]
[WhiteFideId "16216946"]
[BlackFideId "16217535"]
[EventCountry "GER"]
[EventRounds "7"]
[EventType "team-swiss"]
[EventDate "2017.12.26"]

1. e4 c5 2. Nc3 Nc6 3. g3 g6 4. d3 Bg7 5. Be3 d6 6. Qd2 Nd4 7. Nd1 Bg4 8. Bg2
Nf6 9. f3 Bd7 10. c3 Nc6 11. Bh6 O-O 12. h4 Ne5 13. Bxg7 Kxg7 14. Nf2 Rb8 15.
g4 b5 16. h5 Rh8 17. Ne2 e6 18. h6+ Kf8 19. g5 Ne8 20. f4 Nc6 21. Ng3 b4 22.
O-O bxc3 23. bxc3 e5 24. f5 Kg8 25. Ng4 a5 26. Rf2 Qe7 27. Raf1 Nd8 28. Qe3 Bb5
29. fxg6 hxg6 30. Nf6+ Nxf6 31. Rxf6 Bd7 32. R1f2 Be6 33. d4 cxd4 34. cxd4 Rh7
35. d5 Bd7 36. Qf3 Be8 37. Nf1 Rb1 38. Kh2 Nb7 39. Ne3 Nc5 40. Bh3 Nd3 41. Nf5
gxf5 42. Qxd3 Qa7 43. Rg2 Rb4 44. Bxf5 Rh8 45. h7+ Kf8 46. Qh3 Ke7 47. Qh6 Qe3
48. Rxf7+ Bxf7 49. Qf6+ Ke8 50. Qxh8+ Ke7 51. Qf6+ Kf8 52. h8=R# 1-0

[Event "DVM U16 2017"]
[Site "Walldorf GER"]
[Date "2017.12.29"]
[Round "6"]
[White "Wegmer, Leon"]
[Black "McPherson, Elisha"]
[Result "1-0"]
[Termination "normal"]
[Board "4.4"]
[WhiteElo "1691"]
[BlackElo "1488"]
[WhiteClock "00:07:06"]
[BlackClock "00:08:22"]
[WhiteTeam "Karlsruher SF"]
[BlackTeam "SF Augsburg"]
[PlyCount "67"]
[WhiteFideId "12983748"]
[BlackFideId "16255852"]
[EventCountry "GER"]
[EventRounds "7"]
[EventType "team-swiss"]
[EventDate "2017.12.26"]

1. e4 c5 2. Nf3 g6 3. c3 d5 4. exd5 Qxd5 5. d4 Bg7 6. Be2 cxd4 7. cxd4 Qd8 8.
Nc3 Nh6 9. O-O Nf5 10. Bb5+ Nd7 11. Bf4 a6 12. Nd5 O-O 13. Bc7 Qe8 14. Nb6 Ra7
15. Bb8 axb5 16. Bxa7 Nxb6 17. Bxb6 Qc6 18. Bc5 Rd8 19. Rc1 Qf6 20. Bb4 b6 21.
Rc7 Be6 22. Qc2 Bf8 23. Qc6 Nxd4 24. Nxd4 Qxd4 25. Bc3 Qa4 26. Qxb6 Bc4 27. b3
Bxb3 28. axb3 Qxb3 29. Qe3 b4 30. Bd4 Qd5 31. Bb2 Rb8 32. Qd4 Qxd4 33. Bxd4 e6
34. Rfc1 1-0

[Event "DVM U16 2017"]
[Site "Walldorf GER"]
[Date "2017.12.29"]
[Round "6"]
[White "Lieberwirth, Kasimir"]
[Black "Hinrichs, Niklas"]
[Result "1-0"]
[Termination "normal"]
[Board "5.1"]
[WhiteElo "2034"]
[BlackElo "1975"]
[WhiteClock "00:08:53"]
[BlackClock "00:09:59"]
[WhiteTeam "SG Turm Leipzig"]
[BlackTeam "SK Bingen"]
[PlyCount "87"]
[WhiteFideId "12988146"]
[BlackFideId "12942499"]
[EventCountry "GER"]
[EventRounds "7"]
[EventType "team-swiss"]
[EventDate "2017.12.26"]

1. e4 c5 2. Ne2 d6 3. g3 g6 4. Bg2 Bg7 5. O-O Nc6 6. c3 e6 7. d4 Nf6 8. h3 cxd4
9. cxd4 d5 10. e5 Ng8 11. Nbc3 a6 12. a4 h5 13. b3 Nh6 14. Ba3 Bf8 15. Bxf8
Kxf8 16. h4 Kg7 17. Bh3 Bd7 18. f4 Ne7 19. b4 Qb6 20. Qd2 Rhc8 21. a5 Qa7 22.
Nc1 Rc4 23. Nb3 Nc6 24. Ne2 Nxb4 25. Nc5 Bc8 26. Ra4 Nc6 27. Rxc4 dxc4 28. Rb1
Nb8 29. Nc3 Nd7 30. N3a4 Rb8 31. Rb6 Nxb6 32. axb6 Qa8 33. f5 exf5 34. d5 Ng8
35. e6 Bxe6 36. dxe6 Rd8 37. Qc3+ Kf8 38. Nd7+ Ke7 39. Qb4+ Kxe6 40. Nac5+ Kd6
41. Qd2+ Ke7 42. Qe3+ Kd6 43. Qd4+ Ke7 44. Qe5# 1-0